Richest Countries by Lowest Population Density - Statistics

General Stats
  • This quiz has been taken 86 times
  • The average score is 11 of 15
Answer Stats
Answer Ratio % Correct
Iceland 19781
94%
Canada 14522
92%
Australia 19633
91%
Norway 6518
90%
Sweden 2414
90%
Finland 3111
88%
United States 2063
85%
New Zealand 2490
83%
Russia 1728
77%
Saudi Arabia 1715
72%
Mongolia 2046
59%
Kazakhstan 1630
58%
Oman 1609
47%
Botswana 1773
29%
Guyana 5418
22%
No matching quizzes found
Score Distribution
Percent of People with Each Score
Percentile by Number Answered
Your Score History
You have not taken this quiz